Документы заседания Бюро Межпарламентской ассамблеи и второго заседания Межпарламентской ассамблеи Евразийского экономического сообщества, Санкт-Петербург, 25 марта 2002 г. (Запись № 13278731)

Подробности
000 -МАРКЕР
контрольное поле 02365dam0a2200361 4500
001 - ИДЕНТИФИКАТОР ЗАПИСИ
контрольное поле RU\NLR\bibl\325209
005 - ИДЕНТИФИКАТОР ВЕРСИИ
контрольное поле 20260407084128.0
021 ## - НОМЕР ГОСУДАРСТВЕННОЙ РЕГИСТРАЦИИ
Код страны Российская Федерация
Номер 2002-33371
Номер Листа государственной регистраци 1642
035 ## - ДРУГИЕ СИСТЕМНЫЕ НОМЕРА
Идентификатор записи (NLR Aleph) 000320212
100 ## - ДАННЫЕ ОБЩЕЙ ОБРАБОТКИ
Данные общей обработки 20021016d2002 u y0rusy50 ca
101 0# - ЯЗЫК РЕСУРСА
Язык текста, звукозаписи и т.д. русский
102 ## - СТРАНА ПУБЛИКАЦИИ ИЛИ ПРОИЗВОДСТВА
Страна публикации Российская Федерация
105 ## - ПОЛЕ КОДИРОВАННЫХ ДАННЫХ: ТЕКСТОВЫЕ МАТЕРИАЛЫ, МОНОГРАФИЧЕСКИЕ
Кодированные данные о монографическом текстовом документе y |||||||||
200 1# - ЗАГЛАВИЕ И СВЕДЕНИЯ ОБ ОТВЕТСТВЕННОСТИ
Основное заглавие Документы заседания Бюро Межпарламентской ассамблеи и второго заседания Межпарламентской ассамблеи Евразийского экономического сообщества, Санкт-Петербург, 25 марта 2002 г.
210 ## - ПУБЛИКАЦИЯ, РАСПРОСТРАНЕНИЕ И ДР.
Место издания, распространения и т.д. СПб.
Имя издателя, распространителя и т. д. Б.и.
Дата издания, распространения и т.д. 2002
215 ## - ФИЗИЧЕСКАЯ ХАРАКТЕРИСТИКА
Специфическое обозначение материала и объем 195, [1] с.
Размеры 20
311 ## - ПРИМЕЧАНИЯ, ОТНОСЯЩИЕСЯ К ПОЛЯМ СВЯЗИ (ПРИМЕЧАНИЯ О СВЯЗИ С ДРУГИМИ ПРОИЗВЕДЕНИЯМИ (ИЗДАНИЯМИ))
Текст примечания Прил. к "Информационному бюллетеню" / Межпарламент. ассамблея государств - участников Содружества Независ. Государств. - 2002. - N 29
422 #0 - ИЗДАНИЕ, К КОТОРОМУ ОТНОСИТСЯ ПРИЛОЖЕНИЕ
Встроенное поле 2001#$aИнформационный бюллетень$fМежпарламент. ассамблея государств - участников Содружества Независ. Государств$vN 29
-- 71002$aСНГ$bМежпарламентская ассамблея$cСанкт-Петербург$3RU\NLR\auth\889965587
Заглавие Информационный бюллетень
Автор СНГ (Санкт-Петербург). Межпарламентская ассамблея
601 02 - НАИМЕНОВАНИЕ ОРГАНИЗАЦИИ КАК ПРЕДМЕТ
Начальный элемент ввода Евразийское экономическое сообщество
Формальный подзаголовок Документы и материалы
Тематический подзаголовок Правовые вопросы
Системный номер авторитетной/нормативной записи 2231207
Идентификатор авторитетной/нормативной записи RU\NLR\auth\661339183
675 ## - УНИВЕРСАЛЬНАЯ ДЕСЯТИЧНАЯ КЛАССИФИКАЦИЯ (UDC/УДК)
Индекс 339.9(082)
Издание 3
Язык издания rus
686 ## - ИНДЕКСЫ ДРУГИХ КЛАССИФИКАЦИЙ
Индекс 06.51
Код системы
686 ## - ИНДЕКСЫ ДРУГИХ КЛАССИФИКАЦИЙ
Индекс 65.5
Код системы
686 ## - ИНДЕКСЫ ДРУГИХ КЛАССИФИКАЦИЙ
Индекс Х915.232.522,011
710 02 - НАИМЕНОВАНИЕ ОРГАНИЗАЦИИ - ПЕРВИЧНАЯ ОТВЕТСТВЕННОСТЬ
Начальный элемент ввода Евразийское экономическое сообщество
Структурное подразделение Межпарламентская ассамблея
-- Бюро
Идентификатор авторитетной/нормативной записи RU\NLR\AUTH\8810045093
Системный номер авторитетной/нормативной записи 589612
711 02 - НАИМЕНОВАНИЕ ОРГАНИЗАЦИИ - АЛЬТЕРНАТИВНАЯ ОТВЕТСТВЕННОСТЬ
Начальный элемент ввода Евразийское экономическое сообщество
Структурное подразделение Межпарламентская ассамблея
Идентификатор авторитетной/нормативной записи RU\NLR\AUTH\8810045094
Системный номер авторитетной/нормативной записи 589614
801 #0 - ИСТОЧНИК ЗАПИСИ
Страна Российская Федерация
Организация RKP
Дата составления 20021016
Правила каталогизации PSBO
801 #1 - ИСТОЧНИК ЗАПИСИ
Страна Российская Федерация
Организация RKP
Дата составления 20021016
801 #2 - ИСТОЧНИК ЗАПИСИ
Страна Российская Федерация
Организация NLR
Дата составления 20070226
Правила каталогизации rcr
852 ## - МЕСТОНАХОЖДЕНИЕ И ШИФР ХРАНЕНИЯ
Идентификатор организации NLR
Шифр хранения (Call Number) П22/6275
942 ## - ДОПОЛНИТЕЛЬНЫЕ ЭЛЕМЕНТЫ ЗАПИСИ (АБИС)
Тип экземпляра АБИС Книга

Нет доступных экземпляров.